| Tag |
First Indicator |
Second Indicator |
Subfields |
| LEADER |
00000pam a2200000 a 4500 |
| 001 |
in00003469578 |
| 005 |
20151206104647.0 |
| 008 |
850730s1985 nyua b 00110 eng |
| 010 |
|
|
|a 85017897
|
| 020 |
|
|
|a 0471831816 (pbk.)
|
| 039 |
0 |
|
|a 2
|b 3
|c 3
|d 3
|e 3
|
| 040 |
|
|
|d UtOrBLW
|
| 082 |
0 |
|
|a 005.4/46
|2 19
|
| 090 |
|
|
|a QA76.76.O63
|b C67 1985
|
| 100 |
1 |
|
|a Cornell, Gary.
|
| 245 |
1 |
0 |
|a ProDOS and beyond :
|b Applesoft file techniques /
|c Gary Cornell.
|
| 264 |
|
1 |
|a New York :
|b J. Wiley,
|c [1985]
|
| 264 |
|
4 |
|c ©1985
|
| 300 |
|
|
|a x, 238 pages :
|b illustrations ;
|c 26 cm.
|
| 336 |
|
|
|a text
|b txt
|2 rdacontent
|
| 337 |
|
|
|a unmediated
|b n
|2 rdamedia
|
| 338 |
|
|
|a volume
|b nc
|2 rdacarrier
|
| 500 |
|
|
|a On title page the registered trademark symbol "TM" is superscript following "ProDOS" and "Applesoft."
|
| 504 |
|
|
|a Bibliography: pages 209-210.
|
| 500 |
|
|
|a Includes index.
|
| 650 |
|
0 |
|a ProDOS (Computer operating system)
|
| 650 |
|
0 |
|a File organization (Computer science)
|
| 999 |
|
|
|a MARS
|
| 999 |
f |
f |
|s 71ab13be-4a47-39c2-8f69-e8146c24899c
|i 86b4fafc-e88f-373e-be5b-1a0fc36fd788
|t 0
|
| 952 |
f |
f |
|p ric
|a Texas A&M University
|b Rellis Campus
|c Joint Library Facility
|d Remote Storage
|t 0
|e QA76.76.O63 C67 1985
|h Library of Congress classification
|i unmediated -- volume
|m 32060003852510
|
| 998 |
f |
f |
|a QA76.76.O63 C67 1985
|t 0
|l Remote Storage
|